La minería aurífera mecanizada en Tierra del Fuego: historia y patrimonio

Đã lưu trong:
Chi tiết về thư mục
Những tác giả chính: Martinic Beros, Mateo (autor), Torres Mimica, Tamara (Tác giả)
Định dạng: Sách
Ngôn ngữ:Tiếng Tây Ban Nha
Được phát hành: Punta Arenas Municipalidad de Porvenir 2003
Phiên bản:1a. ed
Những chủ đề:
Các nhãn: Thêm thẻ
Không có thẻ, Là người đầu tiên thẻ bản ghi này!

MARC

LEADER 00000nam a2200000 a 4500
001 UCL7763
003 CL-VaPUC
008 040528e20030700CL |||||||||||||||||spa|d
020 |a 9567189188 
082 0 4 |a 983.646  |b MAR  |2 21 
100 |a Martinic Beros, Mateo  |e autor  |9 315280 
700 0 |a Torres Mimica, Tamara  |e author  |9 485719 
245 1 3 |a La minería aurífera mecanizada en Tierra del Fuego: historia y patrimonio 
250 |a 1a. ed 
300 |a 76 p 
942 |c BK 
945 |d 20040528 00:00:00  |a cmena 
260 |a Punta Arenas  |b Municipalidad de Porvenir  |c 2003 
500 |a Mateo Martinic es investigador del Centro de Estudios del Hombre Austral, del Instituto de la Universidad de Magallanes y Premio Nacional de Historia 2003. Tamara Torres es conservadora del Museo Provincial de Tierra del Fuego 
600 0 7 |a SERRANO MONTANER, RAMON  |2 CL-VaPUC  |9 485720 
600 0 7 |a SOCIEDAD EXPLOTADORA DE MINAS  |2 CL-VaPUC  |9 485721 
650 0 |a Historia de Chile  |9 265473 
650 0 |a Historia local  |9 266584 
650 0 |a Yacimientos auríferos   |9 485722 
650 0 |a Historia de la minería  |9 326009 
650 0 |a Patrimonio cultural  |9 309364 
650 0 |a Colonización  |9 265172 
650 0 |a Inmigrantes  |9 317882 
651 0 |a Magallanes  |9 265180 
651 7 |a PORVENIR  |2 CL-VaPUC  |9 485723 
651 0 |a Patagonia  |9 269580 
651 0 |a Tierra del Fuego   |9 345728 
583 |a last modification  |c 20040528 00:00:00  |k Rodrigo Vera 
999 |c 309382  |d 309380 
952 |0 0  |1 0  |4 0  |6 983_646000000000000_MAR_2003  |7 0  |8 A  |9 376816  |a BIBHIS  |b BIBHIS  |d 2019-11-21  |i 4008189  |o 983.646 MAR 2003  |p 4008189  |r 2025-01-20  |w 2019-11-21  |y BK  |k HIS 
952 |0 0  |1 0  |4 0  |6 983_646000000000000_MAR_2003  |7 0  |8 X  |9 376817  |a FDOBUD  |b FDOBUD  |d 2019-11-21  |i 1083430  |o 983.646 MAR 2003  |p 1083430  |r 2019-11-21  |w 2019-11-21  |y BK_X  |k BUD